Drapeaux avec la couleur Bleu - Mort subite - Statistiques

Statistiques générales
  • Ce quiz a été pris 257 fois
  • Le résultat moyen est 13 sur 24
Answers on the Grid
Answers color-coded by a green-red scale on the quiz's grid according to % correct below.
Andorre
Australie
Barbade
Belize
Cap Vert
Croatie
Cuba
Équateur
Gambie
Grèce
Haïti
Honduras
Islande
Israël
Moldavie
Nauru
République Tchèque
République centrafricaine
Serbie
Slovénie
Uruguay
Sud Soudan
Venezuela
Samoa
Albanie
Autriche
Chine
Belgique
Géorgie
Allemagne
Jamaïque
Guinée Bissau
Guinée
Indonésie
Irak
Italie
Lettonie
Madagascar
Mali
Monaco
Pakistan
Myanmar
Saint Kitts et Nevis
Sénégal
Singapour
Suisse
Tonga
Yémen
 
Statistiques - réponses
Réponse % Correct
Israël
77%
Grèce
76%
Australie
74%
Islande
74%
République Tchèque
67%
Croatie
66%
Uruguay
66%
Slovénie
65%
Serbie
62%
Honduras
60%
Cuba
59%
Haïti
57%
Barbade
54%
Venezuela
52%
Moldavie
50%
Andorre
49%
Équateur
48%
République centrafricaine
45%
Cap Vert
44%
Belize
43%
Samoa
40%
Nauru
37%
Sud Soudan
27%
Gambie
24%
Aucun quiz correspondant
Distribution des résultats
% des personnes avec chaque résultat
Percentile par nombre de réponses
Votre historique - résultats
Vous n’avez pas pris ce quiz